1205 1230 1809 1790 1167 1668 1106 1626 1363 1264 1275 1622 1280 1049 1498 1186 1156 1977 1163 1456 1700 1475 1462 1339 1443 1790 1031 1659 1546 1104 1207 1747 1707 1327 1490 1201 1907 1996 1778 1194 1938 1938 1394 1280 1305 1984 1676 1875 1454 1253 1987 1133 1131 1262 1463 1129 1440 1370 1664 1774 1035 1481 1488 1094 1558 1886 1804 1437 1148 1845 1156 1012 1041 1430 1032 1673 1962 1781 1510 1391 1223 1612 1296 1963 1750 1056 1782 1502 1451 1528 1136 1552 1355 1548 1208 1933 1215 1459 1595 BCNSPRNW ULIB Ver.6.0+V

เปลี่ยนเป็นภาษาไทย

Change to English
 แสดงรายละเอียดบรรณานุกรม
  กลับหน้าหลัก

Brief Record : Get Marc (ISO 2709) : E-mail record : QR code < ปิดหน้าต่าง
LEADER : 00000nam 2200000uu 4500
001    13399113551
003     ULIB
008    111125s2553||||th 000 0 tha d
020    ^a9786167057194
090    ^aนว.^bฟ319ล 2553
100 0  ^aฟ้าใส ไอรดา
245 00 ^aเล่ห์ซาตาน มารหัวใจ/^cฟ้าใส ไอรดา
260    ^aกรุงเทพฯ :^bSimply Book,^c2553
300    ^a223 หน้า
945    ^p165^l0^i17057
995    ^aเกษร
999    ^aใช้งานได้ทุกระบบ
รายการนี้ยังไม่มีแท็ก
คุณยังไม่ได้ล็อกอิน คุณสามารถมีกิจกรรมร่วมกับเว็บไซต์ได้ แต่ต้องล็อกอินก่อน ::
  ล็อกอิน

รายการสื่อสารสนเทศ

ลำดับที่ ประเภท เลขเรียก/บาร์โค้ด สถานที่ สถานะ
1. วิทยาศาสตร์การแพทย์ และสุขภาพ
วิทยาศาสตร์การแพทย์ และสุขภาพ
นว. ฟ319ล 2553  
  Barcode: 17057
ห้องสมุดวิทยาเขตสวรรค์ประชารักษ์
►นวนิยาย
บนชั้น
  ขอยืม

รายการใกล้เคียง
    ผู้แต่ง [ฟ้าใส ไอรดา]

BibComment


ยังไม่เคยถูกคอมเมนท์

คอมเมนท์ทรัพยากรรายการนี้
  คอมเมนท์: เล่ห์ซาตาน มารหั..


 Copyright 2026. Bcnsprnw @Library